000 00346cam a22001097a 4500
008 180718b1958 xxu||||| |||| 00| 0 eng d
082 _aN111x42 Un3
245 _aReport of the advisory committee on recruiting
_cby Her Majesty's Stationery Office
260 _aLondon
_bThe author
_c1958
300 _a70p.
700 _aHer Majesty's Stationery Office
999 _c493803
_d493803